000 00622nam a2200193 4500
001 139983
003 ES-MaACL
005 20250526063009.0
007 t|
008 070214s1912 fr r ||||1| fre d
100 1 _aSchopenhauer, Arthur,
_d1788-1860
_9240710
245 1 0 _aFragments sur l'histoire de la Philosophie /
_cArthur Schopenhauer ; préface et notes de Auguste Dietrich.
250 _apremière traduction française.
260 _aParis :
_bFélix Alcan,
_c1912.
300 _a196 p. ;
_c18 cm.
700 1 _aDietrich, Auguste.
_944621
852 _aES-MaACL
_jF-11673
999 _c139983
_d139983